[Event "ch-USA"]
[Site "Saint Louis USA"]
[Date "2010.05.14"]
[Round "1"]
[White "Lenderman, A."]
[Black "Khachiyan, M."]
[Result "0-1"]
[WhiteElo "2598"]
[BlackElo "2539"]
[PlyCount "143"]
[EventDate "2010.05.14"]

1. c4 c5 2. Nf3 Nc6 3. d4 cxd4 4. Nxd4 g6 5. e4 Bg7 6. Be3 Nf6 7. Nc3 Ng4 8.
Qxg4 Nxd4 9. Qd1 Ne6 10. Rc1 Qa5 11. a3 b6 12. Bd3 Bb7 13. O-O O-O 14. Bb1 d6
15. f4 Rac8 16. Nd5 Bxd5 17. exd5 Nc5 18. Bd2 Qa4 19. Qxa4 Nxa4 20. b3 Nc5 21.
Bc2 Bd4+ 22. Kh1 Rc7 23. b4 Nd7 24. Ba4 Rfc8 25. Rc2 Nf6 26. Bc6 e6 27. Rcc1
Ne4 28. Be1 Rxc6 29. dxc6 Rxc6 30. b5 Rc8 31. Bb4 Nf2+ 32. Rxf2 Bxf2 33. Bxd6
Be3 34. Rc3 Rd8 35. Rxe3 Rxd6 36. g3 Rd1+ 37. Kg2 Rc1 38. Re4 Rc2+ 39. Kh3 Kf8
40. g4 Rc3+ 41. Kg2 Ke7 42. g5 Rxa3 43. Rd4 a6 44. bxa6 Rxa6 45. Kf3 Ra3+ 46.
Ke4 Rc3 47. h4 f5+ 48. gxf6+ Kxf6 49. Rd7 Rxc4+ 50. Kf3 h5 51. Rb7 Rb4 52. Rb8
e5 53. fxe5+ Kxe5 54. Kg3 b5 55. Kh3 Rb3+ 56. Kg2 Kf5 57. Rb6 b4 58. Kf2 Rb1
59. Kg2 Kg4 60. Rxg6+ Kxh4 61. Rd6 Rb2+ 62. Kg1 Kg3 63. Rd3+ Kf4 64. Kf1 h4 65.
Rh3 Kg4 66. Rd3 b3 67. Rd4+ Kg3 68. Rd3+ Kh2 69. Re3 h3 70. Rd3 Rb1+ 71. Ke2 b2
72. Rb3 0-1